Čo ponúka Rusko Európe a svetu

Moskva chce presunúť ťažisko zahraničnoobchodných tokov krajiny z Európy do Ázie. Ak sa Európa nezapojí do rusko-čínsko-indických vízií na integráciu Európy a Ázie, ostane na vlastnú škodu mimo hry.

Salvato in:
Dettagli Bibliografici
Autore principale: Pressburg, Adrian Peter
Natura: Capitolo di libro
Lingua:slovacco
Soggetti:
Tags: Aggiungi Tag
Nessun Tag, puoi essere il primo ad aggiungerne!!

MARC

LEADER 00000naa a2200000 4500
001 0160352
005 20231113080224.0
041 0 |a slo 
044 |a SK 
245 1 0 |a Čo ponúka Rusko Európe a svetu  |c Adrian Peter Pressburg 
520 |a Moskva chce presunúť ťažisko zahraničnoobchodných tokov krajiny z Európy do Ázie. Ak sa Európa nezapojí do rusko-čínsko-indických vízií na integráciu Európy a Ázie, ostane na vlastnú škodu mimo hry. 
610 2 0 |a Rusko 
610 2 0 |a obchod zahraničný 
610 2 0 |a vzťahy obchodné 
610 2 0 |a Ázia 
610 2 0 |a Európa 
100 1 |a Pressburg, Adrian Peter